01278nam a2200229 a 450000100100000000500170001000800410002702000150006804000250008308200160010811100990012424500810022326002030030430000350050750400730054259000260061571000700064171000740071195201200078595201260090599900170103100001544220200929164037.0970619s1991 sp ab b 100 0 spa d a8477901082 aDO-SdBNPbspacBNPHU axxxxbS471s2 aSeminario sobre Antiguas obras hidráulicas en Americad(1993 abril 25-28 :cMéxico)93486310aAntiguas obras hidráulicas en America :bactas del seminario Mexico, 1988. aMadrid :bCEDEX, Centro de Estudios y Experimentación de Obras Públicas :bCentro de Estudios Históricos de Obras Públicas y Urbanísmo, Ministerio de Obras Públicas y Transportes,c1991. a548 p. :bils., maps ;c30 cm. aIncluye referencias bibliográficas y notas al pie de las páginas aInventariado, 2019/VM2 aCentro de Estudios y Experimentación de Obras Públicas9348642 aCentro de Estudios Históricos de Obras Pública y Urbanismo934865 001052708MOaGRbGRcCTd2010-02-08iLF1l0oxxxx S471sp15442-10r2020-06-25w2020-06-25y2ZPréstamo interno 001052728MOaGRbGRcCTd2019-06-17iLF1l0oxxxx S471sp15442-20r2020-06-25te. 2w2020-06-25y2ZPréstamo interno c14999d14999